Metody upravlenija projektirovanijem programmnogo obespečenija /

Uložené v:
Podrobná bibliografia
Hlavný autor: Gunther, Richard C (Autor)
Médium: Kniha
Jazyk:Russian
Vydavateľské údaje: Moskva : Mir, 1981
Predmet:
Tagy: Pridať tag
Žiadne tagy, Buďte prvý, kto otaguje tento záznam!

MARC

LEADER 00000nam a22000003a 4500
001 stu36638
005 20150617225727.3
008 920616s1981----xxr-----------------rus-d
040 |a STU  |b slo 
041 0 |a rus 
044 |a xxr 
080 |a 681.326.001.2 
100 1 |a Gunther, Richard C  |4 aut 
245 1 |a Metody upravlenija projektirovanijem programmnogo obespečenija /  |c [aut.]Richard C. Gunther; Z angl. kol 
260 |a Moskva :  |b Mir,  |c 1981 
300 |a 388 s 
650 7 |a programovanie  |2 stusub 
650 7 |a zabezpečenie programové  |2 stusub 
996 |b 284M061799  |c M*1035-1  |l MMKN  |s A  |a 24  |w stu36638_0001